Nomi femminili più diffusi con la L - Statistics

Statistiche generali
  • Questo quiz è stato fatto 1.103 volte
    1.102 dall'ultimo reset
  • Il punteggio medio è 12 su 24
Statistiche sulle risposte
# Persone Nome % Corretto
315.052 Laura
87%
500.671 Lucia
81%
13.841 Lisa
67%
12.106 Lara
66%
353.168 Luisa
60%
32.331 Lorenza
57%
20.995 Lucrezia
56%
19.890 Lia
54%
95.949 Loredana
54%
54.703 Letizia
51%
133.002 Lidia
51%
42.466 Livia
46%
19.131 Luana
45%
30.711 Lorena
44%
180.620 Luciana
43%
19.462 Lea
42%
24.211 Linda
38%
30.576 Loretta
38%
139.273 Liliana
36%
22.243 Lorella
36%
25.226 Licia
35%
193.482 Luigia
30%
25.449 Leda
20%
14.859 Liana
17%
Nessun quiz corrispondente trovato
Distribuzione punteggi
Percentuale di utenti per punteggio
Percentile per numero di risposta
I tuoi punteggi nel tempo
Non hai fatto questo quiz dall'ultimo reset